| 000 | 00705nam a2200229 a 4500 | ||
|---|---|---|---|
| 005 | 20240924064455.0 | ||
| 008 | 991125s1986 es 000 0 spa u | ||
| 020 | _a843199409X | ||
| 035 | _aUPN01000000652 | ||
| 049 | _aCG | ||
| 050 | 4 |
_aLB1140 _bT5.6 1986 |
|
| 100 | 1 |
_aThroop, Sara _929545 |
|
| 245 | 1 | 0 |
_aActividades preescolares : _bciencias físicas y naturales / _cSara Throop. |
| 250 | _a6a ed. | ||
| 260 |
_aBarcelona [Esp.] : _bCEAC, _c1986. |
||
| 300 |
_a122 p. : _bil. |
||
| 440 | 0 |
_aEducación y enseñanza. _pBiblioteca preescolar |
|
| 650 | 4 |
_aCiencias naturales _xEstudio y enseñanza (Preescolar) _94176 |
|
| 650 | 4 |
_aEducación preescolar _91517 |
|
| 905 | _aLibro | ||
| 999 |
_c652 _d652 |
||